England, Europe & the Upper Nile, 1882-1899 : (Record no. 27137)
[ view plain ]
| 000 -LEADER | |
|---|---|
| fixed length control field | 00944nam a2200265 a 4500 |
| 001 - CONTROL NUMBER | |
| control field | 27137 |
| 003 - CONTROL NUMBER IDENTIFIER | |
| rucl marc code | BD-RjUL |
| 005 - DATE AND TIME OF LATEST TRANSACTION | |
| control field | 20211209051122.0 |
| 008 - FIXED-LENGTH DATA ELEMENTS--GENERAL INFORMATION | |
| fixed length control field | 140324t1965 stk 001 0 eng d |
| 035 ## - SYSTEM CONTROL NUMBER | |
| System control number | (BD-RjUL)27208 |
| 040 ## - CATALOGING SOURCE | |
| Original cataloging agency | DLC |
| Language of cataloging | eng |
| Transcribing agency | DLC |
| Modifying agency | BD-RjUL |
| 041 ## - LANGUAGE CODE | |
| Language code of text/sound track or separate title | eng |
| 082 04 - DEWEY DECIMAL CLASSIFICATION NUMBER | |
| Classification number | 962.403 |
| Edition number | 18 |
| Author mark and year | SAE 1965 |
| 100 1# - MAIN ENTRY--PERSONAL NAME | |
| Personal name | Sanderson, Neville. |
| 9 (RLIN) | 83316 |
| 245 10 - TITLE STATEMENT | |
| Title | England, Europe & the Upper Nile, 1882-1899 : |
| Remainder of title | a study in the partition of Africa / |
| Statement of responsibility, etc. | G.N. Sanderson. |
| 246 3# - VARYING FORM OF TITLE | |
| Title proper/short title | England, Europe and the Upper Nile, 1882-1899 |
| 260 ## - PUBLICATION, DISTRIBUTION, ETC. (IMPRINT) | |
| Place of publication, distribution, etc. | Edinburgh : |
| Name of publisher, distributor, etc. | Edinburgh University Press, |
| Date of publication, distribution, etc. | 1965. |
| 300 ## - PHYSICAL DESCRIPTION | |
| Pagination | xiv, 457 p. : |
| Illustrations | ill. ; |
| Size | 26 cm. |
| 490 1# - SERIES STATEMENT | |
| Series statement | Edinburgh University publications. History, philosophy & economics ; |
| Volume/sequential designation | 18 |
| 504 ## - BIBLIOGRAPHY, ETC. NOTE | |
| Bibliography, etc | Includes bibliographical reference and index. |
| 651 #0 - SUBJECT ADDED ENTRY--GEOGRAPHIC NAME | |
| Geographic name | Sudan |
| General subdivision | History |
| Chronological subdivision | 1881-1899. |
| 9 (RLIN) | 82848 |
| 830 #0 - SERIES ADDED ENTRY--UNIFORM TITLE | |
| Volume number/sequential designation | 18 |
| Uniform title | Edinburgh University publications. |
| 942 ## - ADDED ENTRY ELEMENTS (KOHA) | |
| Source of classification or shelving scheme | Dewey Decimal Classification |
| Koha item type | Books |
| Lost status | Source of classification or shelving scheme | Damaged status | Not for loan | Collection code | Permanent Location | Current Location | Shelving location | Date acquired | Source of acquisition | Cost, normal purchase price | Total Checkouts | Full call number | Date last seen | Copy number | Koha item type |
|---|---|---|---|---|---|---|---|---|---|---|---|---|---|---|---|
| Dewey Decimal Classification | Added to bundle | Non-fiction | Central Library, University of Rajshahi | Central Library, University of Rajshahi | Reading Room | 20/01/1970 | Zeit | 0.70 | 962.403 SAE 1965 | 24/03/2014 | C-1 | Books |